00317nam a2200097Ia 4500008004100000020001800041100001800059245006800077260006000145300001400205200626s9999 xx 000 0 und d a0-642-24829-X aGosney, Robin cRobin Gosney, Joan Keay.--aThe australian lamb kitchen manual/ aSydney:bThe Australian Meat and Live-stock Corporation a111 pages